Statistics for NBA Nicknames

Click here to take the quiz!

General Stats

  • This quiz has been taken 1,549 times
  • The average score is 21 of 30

Answer Stats

NicknamePlayer% Correct
Black MambaKobe Bryant
95%
Air JordanMichael Jordan
95%
MagicEarvin Johnson
92%
Dr.JJulius Erving
91%
Mail ManKarl Malone
89%
GlideClyde Drexler
88%
Uncle DrewKyrie Irving
86%
The LogoJerry West
79%
The TruthPaul Pierce
79%
The Big OOscar Robertson
76%
The Big FundamentalTim Duncan
76%
ChuckCharles Barkley
75%
PistolPete Maravich
75%
FlashDwyane Wade
74%
The GloveGary Payton
74%
The DreamHakeem Olajuwon
73%
The AdmiralDavid Robinson
72%
Big TicketKevin Garnett
71%
MuggsyTyrone Bogues
71%
Jesus ShuttlesworthRay Allen
67%
The Human Highlight FilmDominique Wilkins
58%
The Big AristotleShaquille O'Neal
56%
Big Shot BobRobert Horry
53%
AK-47Andrei Kirilenko
50%
RipRichard Hamilton
50%
Big Game JamesJames Worthy
47%
TinyNate Archibald
46%
Big DipperWilt Chamberlain
45%
HondoJohn Havlicek
28%
ClydeWalt Frazier
25%

Score Distribution

Percentile by Number Answered

Percent of People with Each Score

Your Score History

You have not taken this quiz